01497nam a2200361 i 450000500170000000700030001700800410002002000180006104000350007904100130011408200180012710000370014524501230018225000470030526400390035230000450039133600270043633700330046333800280049649000300052452100610055453400220061565000590063765000750069665000660077165000720083765000700090970000500097970000380102970000380106794200150110599900150112020220317002049.0ta201105r20162019ck a br 000 0 spa d a9789583050503 aCO-BoRNBPbspacCO-BoRNBPerda1 aspahfre04a126bL12y2221 aLabbé, Brigitted1959-eautora10aYo y los otros cBrigitte Labbé, P.F. Dupont-Beurier ; ilustraciones de Jacques Azam ; traducción de Moisés Melo aPrimera edición bPrimera reimpresión  1aBogotábPanamericanac2016c2019 a42, [10] páginasbilustracionesc19 cm 2rdacontentatextobtxt 2rdamediaasin mediaciónbn 2rdacarrieravolumenbnc0 aPíldoras de sabiduría aRecomendado para un público infantil mayor de 9 años tMoi et les autres172LEMBaYoxPreguntas y respuestas xLiteratura infantil172LEMBaEgo (Psicología)xPreguntas y respuestas xLiteratura infantil172LEMBaEmocionesxPreguntas y respuestas xLiteratura infantil172LEMBaValores socialesxPreguntas y respuestasxLiteratura infantil172LEMBaMente y cuerpoxPreguntas y respuestasxLiteratura infantil1 aDupont-Beurier, Pierre Francoiseautor9900251 aAzam, Jacques eilustrador9900261 aMelo, Moisésetraductor9158647 2ddccBKINF c9064d9064